000 00622nam a2200205 a 4500
001 000012672
005 20240412074234.0
008 091116s2001 dr 000 j spa d
020 _a9993433209
040 _aDO-SdBNP
_bspa
_cBNPHU
082 _aRD863.44
_bP644m
100 1 _aPimentel, Rubén Darío
_919624
245 1 4 _aLas mamas de Peravia /
_cRubén Darío Pimentel.
260 _aSanto Domingo :
_bMediabyte,
_c2001.
300 _a174 p. ;
_c21 cm.
590 _aInventariado, 2020/MFF
650 0 _aCuentos dominicanos
_9176
650 0 _aLiteratura dominicana.
_967
910 _aValidado. Control de calidad MFF
999 _c12323
_d12323